000 01580nam a2200385 c 4500
003 BLK
005 20230928094149.0
008 180408b bul|||||r ||||||| ||bul||
010 _aKNG00055744000
020 _a954-26-0157-3
040 _aBLK
041 _aBUL
_cBUL
_hDUT
080 _aБългарски език
_b811.163.2
_x(038.2)
_z811.163.2(038.2)
080 _aНидерландски езици
_b811.112.5
_x(038.2)
_z811.112.5(038.2)
139 _aБългарско-нидерландски разговорник
_bБ 92
245 1 0 _aБългарско-нидерландски разговорник
_bНад 4000 израза и думи
_cпрев. Багрелия Борисова.
257 _aBGR
260 _bХермес
_c2004
_fСофия : Д. Благоев
300 _a207 с.
_c17 см
380 _a80
490 _aРазговорници Хермес
500 _aПрев. от Guia practica de conversacion. - Пълното име на прев. Багрелия Борисова Събчева.
650 4 _aБългарски език - разговорници, българско-нидерландски
_9284042
653 _aразговорници
653 _aбългарски език
653 _aнидерландски език
700 1 _aБорисова, Багрелия
_eпрев.
_9365990
852 _aЦб І 31725
856 4 _qpdf
856 4 _qpdf
942 _cKNG
_n0
_02
944 _aCR
_c06.10.2005
_k30545
_lНора Радева
944 _aED
_c24.10.2005
999 _c51829
_d51829
999 _d51829